000 00859nam a2200277Ia 4500
001 Para_7757
003 CHAP
008 220125s9999 xx 000 0 und d
010 _a206757
040 _cCHAP
082 _aPA-C 595.77 D5
100 _aHeadlee, Thomas J.
_953234
245 _aA further contribution to knowledge on the influence of summer rainfall upon mosquito prevalence /
_c by Thomas J. Headlee
300 _a7 p.
440 _aDíptera ; 2
_9172861
500 _aSobretiro de : New Jersey Agricultural Experiment Station
650 _aDípteros
_x colecciones de escritos
_933718
650 _aMosquitos
_x efecto de la humedad
_9173060
901 _aPA-C 595.77 D5
902 _aA
905 _a000000 0000000000 00
910 _a
942 _cPARA
942 _cPARA
_d1
999 _c206757
_d206757